LEADER 00956nam0 22002291i 450 001 VAN0018951 005 20050301120000.0 100 $a20040706d1986 |0itac50 ba 101 $aita 102 $aIT 105 $a|||| ||||| 200 1 $aArchitettura etrusca nel viterbese$ericerche svedesi a San Giovenale e Acquarossa, 1956-1986$eViterbo, Museo archeologico nazionale, Rocca Albornoz dal 19 settembre 1986 210 $aRoma$cDe Luca$dc1986 215 $a154 p.$cill.$d29 cm. 620 $dRoma$3VANL000360 712 $aDe Luca $3VANV108257$4650 801 $aIT$bSOL$c20230616$gRICA 899 $aBIBLIOTECA DEL DIPARTIMENTO DI LETTERE E BENI CULTURALI$1IT-CE0103$2VAN07 912 $aVAN0018951 950 $aBIBLIOTECA DEL DIPARTIMENTO DI LETTERE E BENI CULTURALI$d07CONS Cb Viterbo 1986 $e07 7008 20041118 996 $aArchitettura etrusca nel viterbese$91014558 997 $aUNICAMPANIA LEADER 02025nam0 2200433 i 450 001 VAN0053827 005 20231219104207.102 010 $a978-03-87908-45-8 100 $a20060929d1983 |0itac50 ba 101 $aeng 102 $aUS 105 $a|||| ||||| 200 1 $aSemigroups of linear operators and applications to partial differential equations$fA. Pazy 210 $aNew York$cSpringer$d1983 215 $aVIII, 279 p.$d25 cm 410 1$1001VAN0023717$12001 $aApplied mathematical sciences$1210 $aBerlin [etc]$cSpringer$v44 606 $a47-XX$xOperator theory [MSC 2020]$3VANC019759$2MF 606 $a35-XX$xPartial differential equations [MSC 2020]$3VANC019763$2MF 606 $a47Fxx$xPartial differential operators [MSC 2020]$3VANC022222$2MF 606 $a47Dxx$xGroups and semigroups of linear operators, their generalizations and applications [MSC 2020]$3VANC022240$2MF 606 $a47H20$xSemigroups of nonlinear operators [MSC 2020]$3VANC022308$2MF 610 $aApplications$9KW:K 610 $aEquations$9KW:K 610 $aInitial value problems$9KW:K 610 $aOperator semigroups$9KW:K 610 $aOperators$9KW:K 610 $aPartial differential equations$9KW:K 610 $aSemigroups$9KW:K 610 $aWave equations$9KW:K 620 $aUS$dNew York$3VANL000011 700 1$aPazy$bAmnon$3VANV042520$041462 712 $aSpringer $3VANV108073$4650 801 $aIT$bSOL$c20240614$gRICA 856 4 $u/sebina/repository/catalogazione/documenti/Pazy - Semigroups of linear operators and applications to partial differential equations.pdf$zContents 899 $aBIBLIOTECA DEL DIPARTIMENTO DI MATEMATICA E FISICA$1IT-CE0120$2VAN08 912 $aVAN0053827 950 $aBIBLIOTECA DEL DIPARTIMENTO DI MATEMATICA E FISICA$d08PREST 35-XX 3182 $e08 2804 I 20060929 996 $aSemigroups of linear operators and applications to partial differential equations$979469 997 $aUNICAMPANIA